Statistics for Countries in Finnish

Click here to take the quiz!

General Stats

  • This quiz has been taken 59 times
  • The average score is 13 of 18

Answer Stats

ContinentFinnishEnglish% Correct
EuropeSuomiFinland
100%
North AmericaYhdysvallatUnited States of America
93%
South AmericaBrasiliaBrazil
85%
OceaniaFidžiFiji
84%
Europe/AsiaVenäjäRussia
82%
EuropeEspanjaSpain
82%
EuropeRuotsiSweden
82%
OceaniaUusi SeelantiNew Zealand
78%
AfricaEtelä-AfrikkaSouth Africa
78%
AfricaTšadChad
76%
EuropeTanskaDenmark
71%
AsiaKirgiisiaKyrgyzstan
67%
EuropeValko-VenäjäBelarus
65%
EuropeViroEstonia
65%
OceaniaMarshallinsaaretMarshall Islands
64%
EuropeItävaltaAustria
62%
EuropeTšekkiCzechia
62%
AfricaKomoritComoros
51%

Score Distribution

Percentile by Number Answered

Percent of People with Each Score

Your Score History

You have not taken this quiz